Marspich , plus qu'un village - Statistiques

Statistiques générales
  • Ce quiz a été pris 3 fois
  • Le résultat moyen est 7 sur 12
Statistiques - réponses
Hint Réponse % Correct
Code postal 57700
100%
Commune d'appartenance Hayange
100%
Département Moselle
100%
Gentilé ( nom des habitants) Marspichois
67%
Nom du club de football US Marspich
67%
Langue parlée auparavant Wallon
67%
Départementale qui traverse Marspich D57
33%
Phénomène météorologiques qui frappe souvent le village Inondations
33%
Nom de l'école primaire Jules Verne
33%
Quel évènement passé à anéanti Marspich La guerre de 30 ans
33%
Sobriquets désignant les Marspichois Les étrangleurs de taupes
33%
Nom de l'église Saint Sixte
33%
Aucun quiz correspondant
Distribution des résultats
% des personnes avec chaque résultat
Percentile par nombre de réponses
Votre historique - résultats
Vous n’avez pas pris ce quiz